LEADER 05356nam 2200721Ia 450 001 9910463470903321 005 20210624212352.0 010 $a1-283-43022-3 010 $a9786613430229 010 $a3-11-025569-3 024 7 $a10.1515/9783110255690 035 $a(CKB)3360000000338772 035 $a(EBL)799418 035 $a(OCoLC)769190328 035 $a(SSID)ssj0000560343 035 $a(PQKBManifestationID)12176883 035 $a(PQKBTitleCode)TC0000560343 035 $a(PQKBWorkID)10571092 035 $a(PQKB)10022705 035 $a(MiAaPQ)EBC799418 035 $a(DE-B1597)123674 035 $a(OCoLC)853267800 035 $a(DE-B1597)9783110255690 035 $a(Au-PeEL)EBL799418 035 $a(CaPaEBR)ebr10515793 035 $a(CaONFJC)MIL343022 035 $a(EXLCZ)993360000000338772 100 $a20110523d2011 uy 0 101 0 $aeng 135 $aurnn#---|u||u 181 $ctxt 182 $cc 183 $acr 200 00$aYouth gambling$b[electronic resource] $ethe hidden addiction /$fedited by Jeffrey Derevensky, Daniel T.L. Shek, and Joav Merrick 210 $aBerlin $cDe Gruyter$dc2011 215 $a1 online resource (284 p.) 225 1 $aHealth, medicine, and human development 300 $aDescription based upon print version of record. 311 0 $a3-11-025520-0 320 $aIncludes bibliographical references and index. 327 $tFront matter --$tContents --$tForeword /$rShaffer, Howard J. --$tAuthor index --$tIntroduction --$t1. Adolescent gambling /$rDerevensky, Jeffrey L. / Shek, Daniel T. L. / Merrick, Joav --$t2. Understanding the etiology of youth gambling problems /$rGupta, Rina / Derevensky, Jeffrey L. --$tPrevalence of youth gambling and problem gambling --$t3. An international perspective on youth gambling prevalence studies /$rVolberg, Rachel A. / Gupta, Rina / Griffiths, Mark D. / Ólason, Daniel T. / Delfabbro, Paul --$tCorrelates, risk, and protective factors associated with youth gambling --$t4. Youth problem gambling: Our current knowledge of risk and protective factors /$rShead, N. Will / Derevensky, Jeffrey L. / Gupta, Rina --$t5. Defining and assessing binge gambling /$rGupta, Rina / Derevensky, Jeffrey L. --$t6. Positive youth development and intention to gamble /$rShek, Daniel T. L. / Ma, Cecilia M. S. --$t7. Relationship between positive youth development and intention to gamble among Chinese adolescents in Hong Kong /$rShek, Daniel T. L. / Sun, Rachel C. F. --$tTechnological changes in youth gambling --$t8. Remote gambling in adolescence /$rGriffiths, Mark D. / Parke, Jonathan / Derevensky, Jeffrey L. --$tAssessment Tools --$t9. A critical review of adolescent problem gambling assessment instruments /$rStinchfield, Randy --$tTreating youth problem gamblers --$t10. Treatment of adolescent gambling problems: More art than science? /$rDerevensky, Jeffrey L. / Temcheff, Caroline / Gupta, Rina --$t11. Seeking help online: A new approach for youth-specific gambling interventions /$rGainsbury, Sally --$t12. Adolescent problem gambling: Pharmacological treatment options /$rGrant, Jon E. / Potenza, Marc N. --$tPrevention initiatives --$t13. Youth gambling prevention initiatives: A decade of research /$rDerevensky, Jeffrey L. / Gupta, Rina --$t14. Prevention of gambling problems in adolescents: The role of problem gambling assessment instruments and positive youth development programs /$rShek, Daniel T. L. / Sun, Rachel C. F. --$tAcknowledgements --$t15. About the editors --$t16. The International Centre for Youth Gambling Problems and High-Risk Behaviors (Centre International d'étude sur le jeu et les comportements à risque chez les jeunes) /$rDerevensky, Jeffrey L. / Gupta, Rina --$t17. About the Department of Applied Social Sciences, The Hong Kong Polytechnic University --$t18. About the National Institute of Child Health and Human Development in Israel --$tIndex 330 $aYouth gambling represents a potentially serious public policy and health issue. Nevertheless, the rise in youth gambling issues and problems in the global context is not matched with a parallel increase in research on adolescent gambling. As such, there is an urgent need to conduct more studies on adolescent gambling behaviour. Recently significant advances in the knowledge of the risk factors associated with adolescent problems has emerged. This book addresses issues related to prevalence, assessment, prevention and treatment of youth gambling problems as well as concerns related to technological changes associated with youth problem gambling. 410 0$aHealth, medicine, and human development. 606 $aYouth$xGambling 606 $aTeenage gamblers$xPsychology 606 $aCompulsive gambling$xTreatment 606 $aAdolescent psychology 608 $aElectronic books. 615 0$aYouth$xGambling. 615 0$aTeenage gamblers$xPsychology. 615 0$aCompulsive gambling$xTreatment. 615 0$aAdolescent psychology. 676 $a616.85/84100835 701 $aDerevensky$b Jeffrey L$0788382 701 $aShek$b Daniel T. L$01039112 701 $aMerrick$b Joav$f1950-$0884058 801 0$bMiAaPQ 801 1$bMiAaPQ 801 2$bMiAaPQ 906 $aBOOK 912 $a9910463470903321 996 $aYouth gambling$92461119 997 $aUNINA LEADER 04589nam 2200601 450 001 9910811802703321 005 20200520144314.0 010 $a2-7420-1344-X 035 $a(CKB)3710000000088095 035 $a(EBL)3317997 035 $a(SSID)ssj0001128768 035 $a(PQKBManifestationID)12488668 035 $a(PQKBTitleCode)TC0001128768 035 $a(PQKBWorkID)11084660 035 $a(PQKB)11748665 035 $a(MiAaPQ)EBC3317997 035 $a(Au-PeEL)EBL3317997 035 $a(CaPaEBR)ebr10836943 035 $a(OCoLC)874162694 035 $a(PPN)185796605 035 $a(EXLCZ)993710000000088095 100 $a20140217h20112011 uy| 0 101 0 $aeng 135 $aur|n|---||||| 181 $ctxt 182 $cc 183 $acr 200 10$aVaccination $ea history : from Lady Montagu and genetic engineering /$fHerve? Bazin 210 1$aMontrouge, France :$cJohn Libbey Eurotext,$d[2011] 210 4$d©2011 215 $a1 online resource (551 p.) 225 1 $aMe?decine Sciences/Se?lection 300 $aDescription based upon print version of record. 311 $a2-7420-0775-X 320 $aIncludes bibliographical references and index. 327 $a""Vaccination: a History""; ""Contents""; ""Foreword""; ""Introduction""; ""I - Prehistory""; ""1 - Smallpox or Variola""; ""The Arrival of Smallpox in the Western World""; ""Ordinary Smallpox""; ""Various Forms of Smallpox""; ""Treatments""; ""Extent of Mortality Due to Smallpox""; ""2 - Lady Montagu Brings Variolation from Turkey: 1721...""; ""Announcement of Variolation in the Western World: circa 1700""; ""Lady Mary Wortley Montagu""; ""The Entry of Smallpox Inoculation in the Western World""; ""The First Wave of Inoculations in England: 1722-1730, and on the Continent"" 327 $a""Revival of Inoculation in Anglo Saxon Countries, circa 1738""""The Situation in Continental Europe, Particularly in France""; ""In France, Excesses, Prohibition and Clamour""; ""Improvement of the Variolation Technique by the Suttons: 1760 - 1763""; ""Variolation Gains Ground Gradually: the Period after the Suttons""; ""Was it Wise to Be Variolated in the Eighteenth Century?""; ""Smallpox Inoculation: a Medical Revolution""; ""3 - Smallpox Vaccination and its Uses from Jenner to Pasteur: 1796... to 1880-1900""; ""The Birth of Vaccination""; ""The First Vaccination, May 14, 1796"" 327 $a""The Remarkable Speed of Dissemination of the Jennerian Vaccination""""Arrival of Jennerian Vaccination in Napoleonic France, from 1800 to 1815""; ""The Vaccination Technique""; ""Arm-to-arm Jennerian Vaccination, 1815 to 1864... or until the End of the Century!""; ""Vaccination and its (Major) Problems""; ""Are Cowpox, Horsepox, Sheeppox, Vaccinia and Smallpox the Same Disease due to a Single Agent?""; ""Does Vaccination Confer Permanent Protection? Is Revaccination Necessary?""; ""The Search for Cowpox or Horsepox to Regenerate Vaccine Strains"" 327 $a""Transport and Conservation of the Vaccine""""Animal Vaccine: Solution to Vaccinal Syphilis?""; ""How to Encourage the Population to Be Vaccinated?""; ""The Medical Professions and Vaccination""; ""4 - Inoculation (Variolation) Reaches an Impasse""; ""The Cattle Plague: 1744...""; ""Clavelisation, about 1800""; ""Louis Willems and Bovine Pleuropneumonia: 1852...""; ""Syphilisation or Vaccination against Syphilis: 1844...""; ""Humans and Animals Are Inoculated (Variolated) with Almost Anything""; ""In Animals""; ""In Humans""; ""Conclusion""; ""II - Pasteur and Vaccines"" 327 $a""5 - The Chicken Cholera Vaccine""""The Culture of the Chicken Cholera Germ: 1879""; ""The Extraordinary Discovery of the Chicken Cholera Vaccine: 1879-""; ""Pasteura???s Discovery and Related Controversies""; ""Was Pasteur Secretive and a Fraud, or a Selfless Genius?""; ""6 - Cattle Anthrax and Splenic Fever in Sheep: 1880-1881...""; ""The History of Ruminant Anthrax""; ""Pasteur Investigates Ruminant Anthrax""; ""Henry Toussaint: an Intruder in the Field of Vaccines""; ""Pasteur Mounts a Counter-Attack, without Amunition""; ""Toussainta???s Work as Seen by his Contemporaries"" 327 $a""The Wind Shifts: Toussaint Loses Favour"" 410 0$aMe?decine Sciences/Se?lection 606 $aVaccination$xHistory 615 0$aVaccination$xHistory. 676 $a614.47 700 $aBazin$b H$01657445 801 0$bMiAaPQ 801 1$bMiAaPQ 801 2$bMiAaPQ 906 $aBOOK 912 $a9910811802703321 996 $aVaccination$94010908 997 $aUNINA